[Event "C.to Provinciale NA"]
[Site "Napoli ITA"]
[Date "2014.01.09"]
[Round "4"]
[White "Baccelliere, Donato"]
[Black "Ghiani, Marco"]
[WhiteElo "1422"]
[BlackElo "1482"]
[Result "0-1"]
[PlyCount "90"]
[EventDate "2013.12.05"]

1. e4 c6 2. d4 d5 3. Nc3 dxe4 4. Nxe4 Nd7 5. c3 Ngf6 6. Bd3 Nxe4 7. Bxe4 Nf6 8.
Qd3 Nxe4 9. Qxe4 Qd5 10. f3 Bf5 11. Qxd5 cxd5 12. Ne2 e6 13. O-O Bd6 14. Bg5
O-O 15. Rfe1 h6 16. Bf4 Be7 17. Bg3 a5 18. b3 Ba3 19. c4 Bc2 20. Rf1 dxc4 21.
bxc4 Bd3 22. Rf2 Bxc4 23. Nc3 Rfd8 24. Rb1 Bb4 25. Na4 Rac8 26. Nb6 Rc6 27.
Nxc4 Rxc4 28. a3 Bxa3 29. Rxb7 Rc1+ 30. Rf1 Rxf1+ 31. Kxf1 Rxd4 32. Ke2 Bb4 33.
Be5 Rd2+ 34. Kf1 Bd6 35. Bc3 Rd1+ 36. Ke2 Rd5 37. Rd7 a4 38. g4 a3 39. Ra7 Rb5
40. h4 Rb1 41. Rd7 Bf4 42. Ra7 Bc1 43. Kd1 Be3+ 44. Kc2 Rc1+ 45. Kb3 Bxa7 0-1

[Event "C.to Provinciale NA"]
[Site "Napoli ITA"]
[Date "2014.01.09"]
[Round "4"]
[White "Capozzoli, Silvio"]
[Black "Franzese, Luigi"]
[WhiteElo "1746"]
[BlackElo "1874"]
[Result "0-1"]
[PlyCount "100"]
[EventDate "2013.12.05"]

1. d4 Nf6 2. c4 g6 3. Nc3 Bg7 4. e4 d6 5. Be2 O-O 6. f4 c5 7. e5 dxe5 8. fxe5
Ne8 9. dxc5 Qxd1+ 10. Bxd1 Nc6 11. Nf3 Nxe5 12. Nxe5 Bxe5 13. Nd5 e6 14. Ne7+
Kg7 15. Bf3 Bf6 16. c6 Bxe7 17. cxb7 Bxb7 18. Bxb7 Rb8 19. Bf3 Bb4+ 20. Ke2 Bd6
21. b3 Be5 22. Rb1 f5 23. g3 Rd8 24. Be3 Bb8 25. Rhd1 Nf6 26. Bc5 Rfe8 27. h3
e5 28. Bd5 Nxd5 29. cxd5 e4 30. d6 Rd7 31. Rd5 Red8 32. Rbd1 Kf7 33. Bb4 Ke6
34. Ba5 Rxd6 35. Bxd8 Rxd5 36. Rxd5 Kxd5 37. Bh4 h6 38. g4 g5 39. Bf2 f4 40. h4
a6 41. h5 Be5 42. Bb6 Bd4 43. Bd8 f3+ 44. Kf1 e3 45. Ba5 Ke4 46. Bb4 Bg7 47.
Be1 Kf4 48. b4 f2 49. Bxf2 exf2 50. Kxf2 Kxg4 0-1

[Event "C.to Provinciale NA"]
[Site "Napoli ITA"]
[Date "2014.01.09"]
[Round "4"]
[White "Cerrato, Roberto"]
[Black "Miccoli, Livio"]
[WhiteElo "1804"]
[BlackElo "1620"]
[Result "0-1"]
[PlyCount "118"]
[EventDate "2013.12.05"]

1. Nf3 Nf6 2. c4 d6 3. g3 c5 4. Bg2 Nc6 5. O-O g6 6. Nc3 Bg7 7. d4 cxd4 8. Nxd4
Nxd4 9. Qxd4 O-O 10. Qd3 a6 11. Bg5 Rb8 12. Rad1 h6 13. Bxf6 Bxf6 14. Rfe1 Bf5
15. e4 Be6 16. b3 Bg7 17. Rd2 Qa5 18. Rc2 Rfc8 19. Rec1 Rc5 20. Na4 Rc7 21. c5
dxc5 22. Nxc5 Qb6 23. Nxe6 Rxc2 24. Qxc2 Qxe6 25. Qc7 Be5 26. Qc4 Qd6 27. h4
Rd8 28. Kh2 Qd2 29. Rc2 Qd1 30. Rc1 Qd2 31. Qc2 Kg7 32. f4 Qxc2 33. Rxc2 Bb8
34. e5 Rd7 35. Bf3 b5 36. Kg2 Ba7 37. Kf1 e6 38. Ke2 f5 39. Rc6 Kf7 40. Rxa6
Bd4 41. Bc6 Rc7 42. Kf3 b4 43. g4 Ra7 44. Ra4 h5 45. Rxb4 hxg4+ 46. Kg3 Bc3 47.
Rb7+ Rxb7 48. Bxb7 Be1+ 49. Kg2 Bxh4 50. Bc6 g5 51. fxg5 f4 52. b4 f3+ 53. Kf1
Bxg5 54. a4 Bf4 55. b5 Bxe5 56. b6 Bd4 57. a5 Kf6 58. Bd7 g3 59. b7 g2+ 0-1

[Event "C.to Provinciale NA"]
[Site "Napoli ITA"]
[Date "2014.01.09"]
[Round "4"]
[White "Di Gennaro, Antonio"]
[Black "Farina, Walter"]
[WhiteElo "1661"]
[BlackElo "1618"]
[Result "1-0"]
[PlyCount "92"]
[EventDate "2013.12.05"]

1. e4 Nc6 2. Nf3 d5 3. exd5 Qxd5 4. Nc3 Qh5 5. Be2 Bg4 6. O-O O-O-O 7. h3 Bd7
8. d4 f6 9. Ne5 Qe8 10. Nxd7 Rxd7 11. Bg4 e6 12. d5 Rd6 13. Bxe6+ Rxe6 14. dxe6
Qxe6 15. Re1 Qf7 16. Be3 Bd6 17. Nb5 Be5 18. Nxa7+ Nxa7 19. Bxa7 Ne7 20. Qf3
Nc6 21. Qg4+ Kd8 22. Rad1+ Bd6 23. Bc5 Ne7 24. Qf3 Kc8 25. Bxd6 cxd6 26. Qc3+
Nc6 27. b4 Kb8 28. b5 Ne5 29. Rxd6 Rc8 30. Qg3 g5 31. b6 Qe7 32. Red1 h5 33.
Qa3 Nc6 34. Qf3 Ne5 35. Qxf6 Qxf6 36. Rxf6 Nc4 37. Rd5 g4 38. hxg4 hxg4 39. Rg5
Na3 40. Rfg6 Nxc2 41. Rg8 Nb4 42. Rxc8+ Kxc8 43. Rxg4 Nxa2 44. Rc4+ Kd7 45.
Rc7+ Kd6 46. Rxb7 Kc6 1-0

[Event "C.to Provinciale NA"]
[Site "Napoli ITA"]
[Date "2014.01.09"]
[Round "4"]
[White "Di Meo, Antonio"]
[Black "Schiappoli, Dario"]
[WhiteElo "1886"]
[BlackElo "1907"]
[Result "0-1"]
[PlyCount "46"]
[EventDate "2013.12.05"]

1. g4 e5 2. Bg2 Bc5 3. c4 h5 4. gxh5 Qg5 5. Bf3 Qh4 6. e3 Qxc4 7. b3 Qe6 8. Nc3
Nf6 9. Qc2 Bb6 10. Nge2 d5 11. Na4 Nc6 12. Ba3 e4 13. Bg2 Nxh5 14. d3 Qg6 15.
Bxe4 dxe4 16. dxe4 Ba5+ 17. Nac3 Bg4 18. Rg1 Qe6 19. O-O-O Bxc3 20. Rxg4 Bb4
21. Bxb4 Nxb4 22. Qd2 Qxg4 23. Qxb4 Qxe2 0-1

[Event "C.to Provinciale NA"]
[Site "Napoli ITA"]
[Date "2014.01.09"]
[Round "4"]
[White "Pinto, Giuseppe"]
[Black "Freda, Guido"]
[WhiteElo "1422"]
[BlackElo "1578"]
[Result "0-1"]
[PlyCount "62"]
[EventDate "2013.12.05"]

1. d4 d5 2. Nf3 Nf6 3. e3 Bg4 4. Be2 Bxf3 5. Bxf3 e6 6. O-O c5 7. c3 Nc6 8. Nd2
Bd6 9. b3 Qc7 10. g3 e5 11. e4 dxe4 12. Nxe4 Nxe4 13. Bxe4 cxd4 14. c4 O-O 15.
Re1 Ne7 16. Qg4 f5 17. Bxf5 Nxf5 18. Bd2 Rae8 19. a3 d3 20. Qe4 Nd4 21. Qxd3
Nf3+ 22. Kg2 Nxe1+ 23. Rxe1 Qc6+ 24. Kg1 e4 25. Qd4 Bc5 26. Qc3 Bxf2+ 27. Kf1
Bd4+ 28. Ke2 Bxc3 29. Bxc3 e3 30. Bd4 Qg2+ 31. Kd1 Qd2# 0-1

[Event "C.to Provinciale NA"]
[Site "Napoli ITA"]
[Date "2014.01.09"]
[Round "4"]
[White "Solombrino, Giovanni"]
[Black "Esposito, Rosario"]
[WhiteElo "1860"]
[BlackElo "1825"]
[Result "1-0"]
[PlyCount "69"]
[EventDate "2013.12.05"]

1. e4 c5 2. Nf3 e6 3. d4 cxd4 4. Nxd4 Nc6 5. Nc3 Qc7 6. Ndb5 Qb8 7. Be3 a6 8.
Bb6 axb5 9. Nxb5 Bb4+ 10. c3 Ba5 11. Nc7+ Qxc7 12. Bxc7 Bxc7 13. Qg4 Be5 14. f4
Nf6 15. Qf3 Bc7 16. Bc4 d5 17. exd5 exd5 18. Bxd5 Nxd5 19. Qxd5 Be6 20. Qb5
O-O-O 21. O-O Rd2 22. Rad1 Rhd8 23. Qa4 Rxd1 24. Rxd1 Rxd1+ 25. Qxd1 Bxf4 26.
Qf3 Be5 27. a4 Bf6 28. b4 h6 29. b5 Ne5 30. Qe3 Nc4 31. Qc5+ Kb8 32. b6 Bd8 33.
a5 g6 34. g3 h5 35. h4 1-0

[Event "C.to Provinciale NA"]
[Site "Napoli ITA"]
[Date "2014.01.09"]
[Round "4"]
[White "Taurisano, Vincenzo"]
[Black "Melchior, Alex"]
[WhiteElo "1950"]
[BlackElo "1910"]
[Result "1/2-1/2"]
[PlyCount "55"]
[EventDate "2013.12.05"]

1. e4 c5 2. b4 cxb4 3. d4 d6 4. Bc4 Nf6 5. Qe2 Nc6 6. Bb2 d5 7. exd5 Nxd5 8.
Nf3 Bg4 9. O-O e6 10. Nbd2 Be7 11. h3 Bh5 12. Ne4 O-O 13. Rad1 Rc8 14. Rfe1 Na5
15. Bd3 Nf4 16. Qe3 Nxd3 17. cxd3 Rc2 18. Rd2 Rxd2 19. Nfxd2 Qd5 20. g4 Bg6 21.
Nf3 Rc8 22. Ne5 Qxa2 23. Nxg6 hxg6 24. Re2 Qb1+ 25. Kg2 Rc2 26. Rxc2 Qxc2 27.
Ba1 Nb3 28. d5 1/2-1/2

[Event "C.to Provinciale NA"]
[Site "Napoli ITA"]
[Date "2014.01.09"]
[Round "4"]
[White "Trematerra, Massimiliano"]
[Black "Pellegrino, Carlo"]
[WhiteElo "1507"]
[BlackElo "1446"]
[Result "1-0"]
[PlyCount "89"]
[EventDate "2013.12.05"]

1. d4 Nf6 2. g3 d6 3. Nf3 Nbd7 4. Bg2 e5 5. c4 Be7 6. h3 O-O 7. Be3 c6 8. Nc3
Qc7 9. Qc1 Re8 10. O-O Bf8 11. Nd2 b6 12. b4 Bb7 13. Nb3 d5 14. dxe5 Nxe5 15.
cxd5 cxd5 16. Nxd5 Qxc1 17. Nxf6+ gxf6 18. Raxc1 Bxg2 19. Kxg2 Bxb4 20. Nd4
Rac8 21. Nf5 Rxc1 22. Rxc1 Rd8 23. f4 Ng6 24. Bd4 Re8 25. e3 Ne7 26. Nxe7+ Bxe7
27. Kf3 Kg7 28. Rc6 Bd8 29. f5 Re7 30. a4 Rd7 31. g4 h6 32. h4 Rb7 33. g5 h5
34. Bxf6+ Bxf6 35. Rxf6 b5 36. axb5 Rxb5 37. e4 a5 38. Ra6 Rb3+ 39. Kf4 Rh3 40.
Rxa5 Rxh4+ 41. Ke3 Rh3+ 42. Kf2 h4 43. Ra1 Rh2+ 44. Kf3 Rc2 45. Rh1 {...} 1-0

[Event "C.to Provinciale NA"]
[Site "Napoli ITA"]
[Date "2014.01.09"]
[Round "4"]
[White "Zinnai, Graziano Matteo"]
[Black "Baccelliere, Antonio"]
[WhiteElo "2039"]
[BlackElo "1677"]
[Result "1-0"]
[PlyCount "77"]
[EventDate "2013.12.05"]

1. e4 e5 2. Nf3 Nc6 3. d3 d6 4. c3 Nf6 5. b4 a6 6. Bb2 Be7 7. Be2 O-O 8. O-O d5
9. Nbd2 dxe4 10. dxe4 Be6 11. Qc2 Bd6 12. a3 Qe7 13. c4 b6 14. Rac1 Nd7 15.
Rfd1 Rfd8 16. Nf1 Qf6 17. Ne3 Ne7 18. Ne1 a5 19. Nd3 axb4 20. axb4 Ng6 21. c5
bxc5 22. bxc5 Bf8 23. Nd5 Bxd5 24. exd5 Nf4 25. c6 Nxd3 26. Bxd3 Nb6 27. Bxh7+
Kh8 28. Rd3 g6 29. Rh3 Kg7 30. f4 Qxf4 31. Rf1 Qg5 32. Rg3 Qe7 33. Rxg6+ Kxh7
34. Re6+ Kg8 35. Rxe7 Bxe7 36. Qf5 f6 37. Qe6+ Kf8 38. Bc1 Ke8 39. Rxf6 1-0

[Event "C.to Provinciale NA"]
[Site "Napoli ITA"]
[Date "2014.01.16"]
[Round "5"]
[White "Baccelliere, Antonio"]
[Black "Capozzoli, Silvio"]
[WhiteElo "1677"]
[BlackElo "1746"]
[Result "1/2-1/2"]
[PlyCount "40"]
[EventDate "2013.12.05"]

1. e4 d5 2. exd5 Qxd5 3. Nc3 Qd8 4. d4 Nf6 5. Nf3 Bg4 6. h3 Bh5 7. Bb5+ c6 8.
Bc4 Bxf3 9. gxf3 e6 10. Ne4 Nbd7 11. Qd3 Qc7 12. Bg5 Be7 13. Qe3 Nb6 14. Bb3
Nbd5 15. Nxf6+ Nxf6 16. Bxf6 Bxf6 17. O-O-O O-O-O 18. c3 h6 19. f4 Qa5 20. Kb1
Kb8 {...} 1/2-1/2

[Event "C.to Provinciale NA"]
[Site "Napoli ITA"]
[Date "2014.01.16"]
[Round "5"]
[White "Baccelliere, Donato"]
[Black "Radice, Mario"]
[WhiteElo "1422"]
[BlackElo "1906"]
[Result "0-1"]
[PlyCount "84"]
[EventDate "2013.12.05"]

1. e4 e5 2. Nf3 Qf6 3. Nc3 Bc5 4. Nd5 Qd6 5. d4 exd4 6. Nxd4 c6 7. Nf5 Qe5 8.
Nc3 d5 9. Qf3 dxe4 10. Nxg7+ Qxg7 11. Qxe4+ Be6 12. Bc4 Qf6 13. Bf4 Nd7 14. O-O
O-O-O 15. Rad1 Ne7 16. Bxe6 Qxe6 17. Rfe1 Qxe4 18. Rxe4 Nf6 19. Re2 Rxd1+ 20.
Nxd1 Ned5 21. Bg5 Re8 22. Kf1 Rxe2 23. Kxe2 Kd7 24. c4 Ne4 25. cxd5 Nxg5 26.
dxc6+ bxc6 27. f4 Ne4 28. Kf3 f5 29. h3 a5 30. g4 Ke6 31. b3 Bd4 32. Ne3 Bxe3
33. Kxe3 Nf6 34. a4 fxg4 35. hxg4 Nxg4+ 36. Kd4 h5 37. b4 axb4 38. a5 Kd6 39.
f5 c5+ 40. Kd3 b3 41. a6 Kc6 42. Kc3 c4 0-1

[Event "C.to Provinciale NA"]
[Site "Napoli ITA"]
[Date "2014.01.16"]
[Round "5"]
[White "Buiano, Fabio"]
[Black "Messina, Enrico"]
[WhiteElo "2034"]
[BlackElo "2188"]
[Result "1-0"]
[PlyCount "47"]
[EventDate "2013.12.05"]

1. e4 c5 2. Nf3 d6 3. c3 Nf6 4. h3 g6 5. Bd3 Bg7 6. Bc2 O-O 7. O-O Nc6 8. d4 e5
9. Be3 exd4 10. cxd4 cxd4 11. Nxd4 Nb4 12. Nc3 Nxc2 13. Qxc2 Qa5 14. Ndb5 d5
15. exd5 a6 16. Nd6 Nxd5 17. Nxd5 Qxd5 18. Rfd1 Qh5 19. Bd4 Bxd4 20. Rxd4 Qe5
21. Qd2 Rb8 22. Re1 Qg7 23. Ne8 Qh8 24. Rd8 1-0

[Event "C.to Provinciale NA"]
[Site "Napoli ITA"]
[Date "2014.01.16"]
[Round "5"]
[White "Buonanno, Raffaele"]
[Black "Esposito, Rosario"]
[WhiteElo "1470"]
[BlackElo "1825"]
[Result "1/2-1/2"]
[PlyCount "102"]
[EventDate "2013.12.05"]

1. d4 Nf6 2. c4 g6 3. Nc3 d5 4. cxd5 Nxd5 5. e4 Nxc3 6. bxc3 Bg7 7. Bc4 O-O 8.
Ne2 c5 9. Be3 Nc6 10. Rc1 Qa5 11. Kf1 Rd8 12. h4 h5 13. Qb3 e6 14. e5 cxd4 15.
cxd4 a6 16. a4 Qb4 17. Bg5 Qxb3 18. Bxb3 Rxd4 19. Nxd4 Nxd4 20. Rh3 Bxe5 21.
Re3 f6 22. Bh6 Nf5 23. Rxc8+ Rxc8 24. Bxe6+ Kh7 25. Bxc8 Kxh6 26. Bxf5 gxf5 27.
Rb3 b5 28. axb5 axb5 29. Rxb5 f4 30. Ke2 Kg6 31. Kf3 Kh6 32. g4 fxg3 33. fxg3
Kg6 34. Rc5 Kh6 35. g4 hxg4+ 36. Kxg4 Kg6 37. h5+ Kh6 38. Kf5 Bb2 39. Rc8 Kg7
40. Ra8 Bd4 41. Rb8 Kh7 42. Ke6 Bc3 43. Rb3 Bd4 44. Rg3 Be5 45. Rg6 Bc3 46. Ke7
Bb2 47. Kf7 f5 48. h6 f4 49. Rg1 Bd4 50. Rf1 Be3 51. Rxf4 Bxf4 1/2-1/2

[Event "C.to Provinciale NA"]
[Site "Napoli ITA"]
[Date "2014.01.16"]
[Round "5"]
[White "Caiazzo, Diego"]
[Black "Solombrino, Giovanni"]
[WhiteElo "1792"]
[BlackElo "1860"]
[Result "1/2-1/2"]
[PlyCount "32"]
[EventDate "2013.12.05"]

1. Nf3 c5 2. b3 Nf6 3. Bb2 g6 4. g3 Bg7 5. Bg2 O-O 6. O-O d5 7. d3 Nc6 8. Nbd2
Re8 9. Re1 b6 10. c3 Bb7 11. a3 e5 12. e4 d4 13. c4 Qd7 14. Nh4 h6 15. Nf1 Qd6
16. Bc1 Nd7 1/2-1/2

[Event "C.to Provinciale NA"]
[Site "Napoli ITA"]
[Date "2014.01.16"]
[Round "5"]
[White "Cocchia, Umberto"]
[Black "Di Pascale, Raffaele"]
[WhiteElo "1812"]
[BlackElo "1443"]
[Result "1-0"]
[PlyCount "33"]
[EventDate "2013.12.05"]

1. e4 c5 2. Nf3 d6 3. d4 cxd4 4. Nxd4 Nf6 5. Nc3 e6 6. Be2 a6 7. O-O Be7 8. a4
O-O 9. Be3 Qc7 10. f4 Nc6 11. Kh1 e5 12. Nf3 Bd7 13. f5 Rfd8 14. a5 Rab8 15.
Bb6 Qc8 16. Bxd8 Bxd8 17. Qxd6 1-0

[Event "C.to Provinciale NA"]
[Site "Napoli ITA"]
[Date "2014.01.16"]
[Round "5"]
[White "Di Gennaro, Antonio"]
[Black "Taurisano, Vincenzo"]
[WhiteElo "1661"]
[BlackElo "1950"]
[Result "1/2-1/2"]
[PlyCount "100"]
[EventDate "2013.12.05"]

1. e4 c5 2. Nf3 d6 3. d4 cxd4 4. Nxd4 Nf6 5. Nc3 a6 6. Be3 e6 7. f3 Be7 8. g4
b5 9. Qd2 Bb7 10. O-O-O Nc6 11. Nxc6 Bxc6 12. Bd3 d5 13. exd5 exd5 14. Bd4 O-O
15. Kb1 b4 16. Ne2 a5 17. b3 a4 18. Ng3 axb3 19. cxb3 Qa5 20. Rc1 Bb5 21. Bxb5
Qxb5 22. Nf5 Rfe8 23. Nxe7+ Rxe7 24. Rhe1 Rxe1 25. Rxe1 Nd7 26. Qe2 Qxe2 27.
Rxe2 Kf8 28. Bf2 Rc8 29. Be1 Rb8 30. Rc2 Ne5 31. Bg3 f6 32. Rc5 Rd8 33. Rb5
Nxf3 34. Rxb4 d4 35. Kc1 d3 36. Rb8 Ke8 37. b4 Rxb8 38. Bxb8 Kd7 39. b5 Kc8 40.
Bg3 Kb7 41. a4 Kb6 42. Bf2+ Ka5 43. b6 Ka6 44. h3 g6 45. a5 f5 46. gxf5 gxf5
47. Be3 h5 48. Kd1 Kb7 49. Kc1 Ka6 50. Kd1 Kb7 1/2-1/2

[Event "C.to Provinciale NA"]
[Site "Napoli ITA"]
[Date "2014.01.16"]
[Round "5"]
[White "Farina, Walter"]
[Black "Di Meo, Antonio"]
[WhiteElo "1618"]
[BlackElo "1886"]
[Result "0-1"]
[PlyCount "42"]
[EventDate "2013.12.05"]

1. e4 e6 2. d4 a6 3. Nf3 b5 4. Bd3 Bb7 5. Be3 Nf6 6. Nbd2 c5 7. dxc5 Ng4 8. Bd4
Nc6 9. c3 e5 10. Be3 Nxe3 11. fxe3 Bxc5 12. Qe2 Qb6 13. Kf2 O-O 14. g4 Qc7 15.
Nh4 Ne7 16. Nf5 d5 17. Rhg1 Rad8 18. exd5 Nxd5 19. Ne4 Nf4 20. Qc2 Nxd3+ 21.
Ke2 Bxe4 0-1

[Event "C.to Provinciale NA"]
[Site "Napoli ITA"]
[Date "2014.01.16"]
[Round "5"]
[White "Franzese, Luigi"]
[Black "Ghiani, Marco"]
[WhiteElo "1874"]
[BlackElo "1482"]
[Result "1/2-1/2"]
[PlyCount "92"]
[EventDate "2013.12.05"]

1. e4 c6 2. d4 d5 3. Nc3 dxe4 4. Nxe4 Nf6 5. Ng5 Bf5 6. Bc4 e6 7. N5f3 Nbd7 8.
Ne2 Bd6 9. Ng3 Bg6 10. O-O h6 11. Re1 O-O 12. Ne5 Bxe5 13. dxe5 Nd5 14. Bd2
N5b6 15. Bb3 Qe7 16. Qe2 Rfd8 17. Ba5 Qc5 18. Bc3 Nd5 19. Bd2 Qe7 20. c4 N5b6
21. a3 Nc5 22. Bb4 a5 23. Bxc5 Qxc5 24. Rad1 a4 25. Ba2 Qe7 26. Ne4 Bxe4 27.
Qxe4 Rxd1 28. Rxd1 Rd8 29. Qe2 Rxd1+ 30. Qxd1 Qg5 31. f4 Qe7 32. Qd4 c5 33. Qd3
Qd7 34. Bb1 Qxd3 35. Bxd3 f6 36. exf6 gxf6 37. Kf2 Kf7 38. Kg3 f5 39. Kh4 Nc8
40. Kh5 Kg7 41. g4 fxg4 42. Kxg4 Nd6 43. Kh5 Nf5 44. Bxf5 exf5 45. Kh4 Kg6 46.
Kg3 Kh5 1/2-1/2

[Event "C.to Provinciale NA"]
[Site "Napoli ITA"]
[Date "2014.01.16"]
[Round "5"]
[White "Freda, Guido"]
[Black "Zinnai, Graziano Matteo"]
[WhiteElo "1578"]
[BlackElo "2039"]
[Result "0-1"]
[PlyCount "73"]
[EventDate "2013.12.05"]

1. d4 d5 2. c4 e6 3. Nf3 Nf6 4. g3 c6 5. cxd5 exd5 6. Nc3 Bd6 7. Bg2 O-O 8. O-O
Bf5 9. Bg5 Nbd7 10. Nd2 h6 11. Bxf6 Nxf6 12. e4 dxe4 13. Ncxe4 Be7 14. Nxf6+
Bxf6 15. g4 Bd3 16. Re1 Bxd4 17. Qb3 Bg6 18. Rad1 Qb6 19. Qxb6 Bxb6 20. Re7
Rad8 21. Be4 Bc5 22. Re5 Bd6 23. Ra5 Bxe4 24. Rxa7 Bf4 25. Re1 Rxd2 26. Rxe4
Bxh2+ 27. Kxh2 Rxf2+ 28. Kg3 Rxb2 29. Re7 g6 30. Rexb7 Rxb7 31. Rxb7 Ra8 32.
Rc7 Rxa2 33. Rxc6 Kg7 34. Rc3 Ra5 35. Kh4 Ra4 36. Kg3 h5 37. Kh3 0-1

[Event "C.to Provinciale NA"]
[Site "Napoli ITA"]
[Date "2014.01.16"]
[Round "5"]
[White "Melchior, Alex"]
[Black "Auletta, Pasquale"]
[WhiteElo "1910"]
[BlackElo "1531"]
[Result "1-0"]
[PlyCount "127"]
[EventDate "2013.12.05"]

1. d4 Nf6 2. c4 e6 3. Nf3 b6 4. Nc3 Bb4 5. e3 O-O 6. Bd3 c5 7. O-O Bb7 8. a3
Bxc3 9. bxc3 Re8 10. Rb1 d6 11. Re1 Nbd7 12. e4 h6 13. Qc2 Qc7 14. h3 e5 15.
dxe5 Nxe5 16. Nxe5 dxe5 17. Qe2 Rad8 18. Bc2 Re6 19. f3 Red6 20. Be3 a6 21. Kf2
Kf8 22. Red1 Rxd1 23. Bxd1 Qd6 24. Bc2 Qc6 25. Ke1 Ne8 26. Qf2 Kg8 27. Bb3 Rd3
28. Qe2 Rd8 29. Qc2 Qd6 30. Ba4 Nc7 31. Qd2 Qxd2+ 32. Bxd2 Rd6 33. Ke2 Kf8 34.
Be3 b5 35. Bxc5 Ke7 36. cxb5 axb5 37. Bxd6+ Kxd6 38. Bb3 f6 39. c4 Ne6 40. cxb5
Nd4+ 41. Ke3 Nxb5 42. Ba4 Nc3 43. Rxb7 Nxa4 44. Rxg7 Nb2 45. Ra7 Nc4+ 46. Kd3
Nb2+ 47. Kc3 Nd1+ 48. Kb4 Ne3 49. Ra6+ Ke7 50. Ra7+ Ke6 51. Kc5 Nxg2 52. Rh7
Nf4 53. a4 Nd3+ 54. Kb6 Nf4 55. a5 Nxh3 56. a6 Ng5 57. Rxh6 Nf7 58. Rh5 Nd6 59.
Rh8 Kd7 60. a7 Nc4+ 61. Kc5 f5 62. a8=Q fxe4 63. Qe8+ Kc7 64. Rh7# 1-0

[Event "C.to Provinciale NA"]
[Site "Napoli ITA"]
[Date "2014.01.16"]
[Round "5"]
[White "Miccoli, Livio"]
[Black "Auletta, Angelo"]
[WhiteElo "1620"]
[BlackElo "2148"]
[Result "0-1"]
[PlyCount "46"]
[EventDate "2013.12.05"]

1. e4 c5 2. Nc3 Nc6 3. Nge2 g6 4. g3 Bg7 5. Bg2 e6 6. O-O Nge7 7. d3 O-O 8. Be3
Nd4 9. Qd2 Nec6 10. Nd1 b6 11. Nf4 Ne5 12. f3 f5 13. Nc3 fxe4 14. Nxe4 Bb7 15.
Nd6 Ndxf3+ 16. Bxf3 Nxf3+ 17. Rxf3 Bxf3 18. Rf1 Bc6 19. b3 Qe7 20. Ne4 d5 21.
Ng5 Qxg5 22. Nxe6 Rxf1+ 23. Kxf1 Qf5+ 0-1

[Event "C.to Provinciale NA"]
[Site "Napoli ITA"]
[Date "2014.01.16"]
[Round "5"]
[White "Pellegrino, Carlo"]
[Black "Cerrato, Roberto"]
[WhiteElo "1446"]
[BlackElo "1804"]
[Result "0-1"]
[PlyCount "74"]
[EventDate "2013.12.05"]

1. d4 Nf6 2. Nf3 g6 3. Bf4 Bg7 4. c4 d6 5. Nc3 O-O 6. e3 Bg4 7. h3 Bxf3 8. Qxf3
c6 9. O-O-O Nbd7 10. g4 Qa5 11. g5 Nh5 12. h4 e5 13. Bh2 exd4 14. exd4 c5 15.
d5 Ne5 16. Bxe5 Bxe5 17. Kb1 f6 18. Qe3 Rae8 19. Ne4 Qb4 20. Qd2 Qxd2 21. Nxd2
fxg5 22. f3 Ng3 23. Rh3 gxh4 24. Rxh4 Nxf1 25. Rxf1 Rf4 26. Rxf4 Bxf4 27. Ne4
Rf8 28. Kc2 Be5 29. b3 Rf5 30. Kd2 Kg7 31. Ke2 Rh5 32. Rf2 Rh1 33. f4 Bd4 34.
Rf1 Rh2+ 35. Kf3 Rxa2 36. Nxd6 Rb2 37. Rc1 Rxb3+ 0-1

[Event "C.to Provinciale NA"]
[Site "Napoli ITA"]
[Date "2014.01.16"]
[Round "5"]
[White "Pellegrino, Giovanni"]
[Black "Capone, Vincenzo"]
[WhiteElo "1380"]
[BlackElo "2190"]
[Result "0-1"]
[PlyCount "70"]
[EventDate "2013.12.05"]

1. d4 Nf6 2. Nf3 g6 3. c4 Bg7 4. Bf4 c5 5. e3 O-O 6. Nc3 cxd4 7. exd4 d5 8. Be2
Nc6 9. O-O dxc4 10. Bxc4 Bg4 11. d5 Na5 12. Be2 Rc8 13. Rc1 a6 14. Re1 Nc4 15.
Rc2 Bf5 16. Bd3 Nxd5 17. Bxf5 Nxc3 18. bxc3 Qxd1 19. Rxd1 gxf5 20. Rd7 e5 21.
Bg3 Rfd8 22. Rxd8+ Rxd8 23. h3 b5 24. Bh4 Rd1+ 25. Kh2 e4 26. Ng1 Na3 27. Re2
Nb1 28. f3 Nxc3 29. Rc2 Be5+ 30. g3 b4 31. fxe4 fxe4 32. Ne2 f5 33. Be7 a5 34.
Rb2 Nd5 35. Bd8 Bxb2 0-1

[Event "C.to Provinciale NA"]
[Site "Napoli ITA"]
[Date "2014.01.16"]
[Round "5"]
[White "Russo Spena, Vincenzo"]
[Black "Lombardo, Claudio"]
[WhiteElo "1503"]
[BlackElo "1833"]
[Result "0-1"]
[PlyCount "66"]
[EventDate "2013.12.05"]

1. d4 Nf6 2. Nf3 e6 3. c4 d5 4. e3 c6 5. Nc3 Nbd7 6. Bd3 dxc4 7. Bxc4 Bd6 8.
Bd2 O-O 9. O-O Re8 10. Qc2 e5 11. Ng5 Rf8 12. Nxf7 Rxf7 13. Bxf7+ Kxf7 14. Ne4
Nxe4 15. Qxe4 Nf6 16. Qd3 Qc7 17. dxe5 Bxe5 18. f4 Bd6 19. Bc3 Be7 20. e4 Qb6+
21. Kh1 Be6 22. e5 Rd8 23. Qc2 Ng4 24. Qxh7 Nf2+ 25. Rxf2 Qxf2 26. Qh5+ Kg8 27.
Qf3 Qxf3 28. gxf3 Rd3 29. Kg2 Bd5 30. Rf1 Bxa2 31. Ra1 Bd5 32. Rxa7 Rxf3 33.
Kg1 Bc5+ 0-1

[Event "C.to Provinciale NA"]
[Site "Napoli ITA"]
[Date "2014.01.16"]
[Round "5"]
[White "Schiappoli, Dario"]
[Black "Trematerra, Massimiliano"]
[WhiteElo "1907"]
[BlackElo "1507"]
[Result "1-0"]
[PlyCount "69"]
[EventDate "2013.12.05"]

1. e4 e5 2. f4 d5 3. exd5 e4 4. d3 Nf6 5. Nd2 Bf5 6. dxe4 Qe7 7. e5 Nxd5 8. Qf3
Qc5 9. Nb3 Qb4+ 10. c3 Qe4+ 11. Be2 c6 12. g4 Qxf3 13. Bxf3 Bd3 14. Nh3 f5 15.
Nf2 fxg4 16. Bxd5 cxd5 17. Nxd3 Be7 18. O-O Nd7 19. Be3 O-O-O 20. Rad1 Kc7 21.
Ndc5 Nf8 22. Rd2 b6 23. Nd3 a5 24. f5 h5 25. Nf4 Kc6 26. Nd4+ Kd7 27. Nxd5 Bc5
28. b4 axb4 29. cxb4 Ke8 30. bxc5 Rxd5 31. cxb6 Nd7 32. Nc6 Rb5 33. Rfd1 Nf8
34. Rd8+ Kf7 35. e6+ 1-0

[Event "C.to Provinciale NA"]
[Site "Napoli ITA"]
[Date "2014.01.23"]
[Round "6"]
[White "Auletta, Pasquale"]
[Black "Franzese, Luigi"]
[WhiteElo "1531"]
[BlackElo "1874"]
[Result "1-0"]
[PlyCount "131"]
[EventDate "2013.12.05"]

1. e4 Nf6 2. e5 Nd5 3. d4 d6 4. c4 Nb6 5. Nf3 dxe5 6. Nxe5 Bf5 7. Nc3 N8d7 8.
f4 Nxe5 9. fxe5 e6 10. Be3 Bb4 11. Qb3 Bxc3+ 12. Qxc3 O-O 13. Be2 Qe7 14. O-O
c6 15. b4 Rad8 16. d5 cxd5 17. Bc5 Na4 18. Bxe7 Nxc3 19. Bf3 Bd3 20. Rfc1 Ne2+
21. Bxe2 Bxe2 22. Bxf8 Kxf8 23. cxd5 exd5 24. Rc7 Rb8 25. Rac1 Bc4 26. a3 a6
27. Rc2 b5 28. Rf2 d4 29. Rd7 d3 30. e6 f6 31. Rf3 Re8 32. Re3 Bxe6 33. Rdxd3
Ke7 34. Rd4 Rc8 35. Rde4 Rc6 36. Kf2 Kf7 37. g4 h6 38. Rd4 Ke7 39. Rf4 Kf7 40.
Re5 Ke7 41. Rc5 Rxc5 42. bxc5 Kd7 43. Ke3 Kc6 44. Kd4 a5 45. Re4 Bd7 46. h3 f5
47. gxf5 Bxf5 48. Re3 g6 49. h4 h5 50. Re8 a4 51. Rb8 Bc2 52. Rb6+ Kc7 53. Rxb5
Kc6 54. Rb6+ Kc7 55. Rf6 Kd7 56. Kd5 Bb3+ 57. Ke5 Bc2 58. c6+ Kc7 59. Kd5 Bb3+
60. Kc5 Bc2 61. Rf7+ Kc8 62. Kd6 Kb8 63. Rf8+ Ka7 64. c7 Bf5 65. Rxf5 gxf5 66.
c8=Q 1-0

[Event "C.to Provinciale NA"]
[Site "Napoli ITA"]
[Date "2014.01.23"]
[Round "6"]
[White "Capone, Vincenzo"]
[Black "Schiappoli, Dario"]
[WhiteElo "2190"]
[BlackElo "1907"]
[Result "1-0"]
[PlyCount "33"]
[EventDate "2013.12.05"]

1. d4 Nf6 2. c4 c5 3. d5 b5 4. cxb5 Bb7 5. Nc3 e6 6. e4 Nxe4 7. Nxe4 exd5 8.
Bg5 Qb6 9. Nc3 f6 10. Bf4 Bd6 11. Bxd6 Qxd6 12. Nf3 d4 13. Na4 Kd8 14. Be2 g5
15. Rc1 Re8 16. O-O Rxe2 17. Qxe2 1-0

[Event "C.to Provinciale NA"]
[Site "Napoli ITA"]
[Date "2014.01.23"]
[Round "6"]
[White "Capozzoli, Silvio"]
[Black "Trematerra, Massimiliano"]
[WhiteElo "1746"]
[BlackElo "1507"]
[Result "1-0"]
[PlyCount "53"]
[EventDate "2013.12.05"]

1. d4 Nf6 2. Nf3 g6 3. c4 d6 4. Nc3 Bg7 5. h3 O-O 6. e4 Ne8 7. g4 c5 8. Be2
cxd4 9. Nxd4 Qb6 10. Nb3 Bxc3+ 11. bxc3 Qc6 12. Qd3 f5 13. gxf5 Rxf5 14. Nd4
Qc5 15. Nxf5 gxf5 16. Qg3+ Kh8 17. Rg1 Be6 18. Bh6 Qe5 19. Qxe5+ dxe5 20. exf5
Bxf5 21. Bh5 Nd7 22. Bf7 Ndf6 23. Bf8 e6 24. Be7 Rc8 25. Rd1 Rc7 26. Bxf6+ Nxf6
27. Rd8+ 1-0